Central Library OPAC University of Rajshahi

Bangladesh : (Record no. 27753)

MARC details
000 -LEADER
fixed length control field 00763nam a2200241 a 4500
001 - CONTROL NUMBER
control field 27753
003 - CONTROL NUMBER IDENTIFIER
rucl marc code BD-RjUL
005 - DATE AND TIME OF LATEST TRANSACTION
control field 20211209051210.0
008 - FIXED-LENGTH DATA ELEMENTS--GENERAL INFORMATION
fixed length control field 140327s1986 enkaf b 001 0 eng
020 ## - INTERNATIONAL STANDARD BOOK NUMBER
International Standard Book Number 034039420X (pbk.) :
035 ## - SYSTEM CONTROL NUMBER
System control number (BD-RjUL)27832
040 ## - CATALOGING SOURCE
Original cataloging agency DLC
Transcribing agency DLC
Modifying agency DLC
-- BD-RjUL
Language of cataloging eng
041 ## - LANGUAGE CODE
Language code of text/sound track or separate title eng
082 00 - DEWEY DECIMAL CLASSIFICATION NUMBER
Classification number 954.9205
Edition number 19
Author mark and year MAB 1986
100 1# - MAIN ENTRY--PERSONAL NAME
Personal name Mascarenhas, Anthony,
Dates associated with a name 1928-
9 (RLIN) 85192
245 10 - TITLE STATEMENT
Title Bangladesh :
Remainder of title a legacy of blood /
Statement of responsibility, etc. Anthony Mascarenhas.
260 ## - PUBLICATION, DISTRIBUTION, ETC. (IMPRINT)
Place of publication, distribution, etc. London :
Name of publisher, distributor, etc. Hodder and Stoughton,
Date of publication, distribution, etc. c1986.
300 ## - PHYSICAL DESCRIPTION
Pagination vi, 186 p., [8] p. of plates :
Illustrations ill. ;
Size 24 cm.
504 ## - BIBLIOGRAPHY, ETC. NOTE
Bibliography, etc Includes bibliographies and index.
651 #0 - SUBJECT ADDED ENTRY--GEOGRAPHIC NAME
Geographic name Bangladesh
General subdivision Politics and government
Chronological subdivision 1971-
9 (RLIN) 85193
942 ## - ADDED ENTRY ELEMENTS (KOHA)
Source of classification or shelving scheme Dewey Decimal Classification
Koha item type Books
Holdings
Lost status Source of classification or shelving scheme Damaged status Not for loan Collection code Permanent Location Current Location Shelving location Date acquired Source of acquisition Cost, normal purchase price Total Checkouts Full call number Date last seen Copy number Koha item type Date checked out
  Dewey Decimal Classification   Not For Loan Non-fiction Central Library, University of Rajshahi Central Library, University of Rajshahi Rare Book Section 24/10/1998 A.Bari Ass. Pro. History, RU. 0.00   RA 954.9205 MAB 1986 27/03/2014 C-1 Rare Books  
  Dewey Decimal Classification     Non-fiction Central Library, University of Rajshahi Central Library, University of Rajshahi   11/03/1986 Gonathan ware & co. 2.97 5 954.9205 MAB 1986 14/05/2018 C-2 Books 26/04/2018
  Dewey Decimal Classification     Non-fiction Central Library, University of Rajshahi Central Library, University of Rajshahi     N/A 0.00 2 954.9205 MAB 1986 22/03/2023 C-3 Books 09/03/2023